Nalaganje...

Genetics and Plant Breeding

Bibliografske podrobnosti
Glavni avtor: E.B. Babcock
Format: Printed Book
Izdano: Jodhpur Agrobios 2004
Teme:
LEADER 01302nam a22002417a 4500
020 |a 81-7754-105-6 
082 |a 576.5 
100 |a E.B. Babcock 
245 |a Genetics and Plant Breeding 
260 |a Jodhpur  |b Agrobios  |c 2004 
300 |a 478 
500 |a Genetics Plant Breeding  
650 |a Genetics 
650 |a Plant Breeding 
700 |a E.B. Babcock 
942 |c BK 
999 |c 168164  |d 168164 
952 |0 0  |1 0  |4 0  |6 576_500000000000000_BAB_GE  |7 0  |9 172441  |a KAUCOAP  |b KAUCOAP  |d 2015-03-04  |o 576.5 BAB/GE  |p KAU_COAP05092  |r 2015-03-04  |w 2015-03-04  |y BK 
952 |0 0  |1 0  |4 0  |6 576_500000000000000_BAB_GE  |7 0  |9 172442  |a KAUCOAP  |b KAUCOAP  |d 2015-03-04  |o 576.5 BAB/GE  |p KAU_COAP05216  |r 2015-03-04  |w 2015-03-04  |y BK 
952 |0 0  |1 0  |4 0  |6 576_500000000000000_BAB_GE  |7 0  |9 172443  |a KAUCOAP  |b KAUCOAP  |d 2015-03-04  |o 576.5 BAB/GE  |p KAU_COAP05215  |r 2015-03-04  |w 2015-03-04  |y BK 
952 |0 0  |1 0  |2 ddc  |4 0  |6 576_500000000000000_BAB_GE  |7 0  |9 172444  |a KAUCOAP  |b KAUCOAP  |d 2018-09-24  |o 576.5 BAB/GE  |p KAU_COAP05090  |r 2018-09-24  |w 2018-09-24  |y BK 
952 |0 0  |1 0  |2 ddc  |4 0  |6 576_500000000000000_BAB_GE  |7 0  |9 172445  |a KAUCOAP  |b KAUCOAP  |d 2018-09-24  |o 576.5 BAB/GE  |p KAU_COAP05091  |r 2018-09-24  |w 2018-09-24  |y BK 
952 |0 0  |1 0  |2 ddc  |4 0  |6 576_500000000000000_BAB_GE  |7 0  |9 172446  |a KAUCOAP  |b KAUCOAP  |d 2018-09-24  |o 576.5 BAB/GE  |p KAU_COAP05214  |r 2018-09-24  |w 2018-09-24  |y BK